00573nam a2200205 i 4500001000700000003000900007005001700016007000300033008004100036080001700077100001800094245009100112250001200203260003500215300002200250490002100272600003100293830002100324852002200345140848ES-MaACL20250809195004.0t|070917s1970 sp ||||1| spa d a82-311.2"19"1 aYerby, Frank.10aMayo fue el fin del mundo : bnovela / cFrank Yerby ; [traducción de Carlos Pujol]. a1ª ed. aBarcelona : bPlaneta, c1970. a284 p. ; c18 cm.1 aInfinito ; v10714aPujol, Carlos, d1936-20121 aInfinito ; v107 aES-MaACLjC-39940